Everything Is Embarrassing Lyrics Sky Ferreira - Statistics

General Stats
  • This quiz has been taken 14 times
  • The average score is 349 of 386
Answer Stats
Answer % Correct
a
100%
and
100%
be
100%
bother
100%
embarrassing
100%
everything
100%
for
100%
i
100%
if
100%
is
100%
know
100%
let
100%
lover
100%
maybe
100%
me
100%
not
100%
on
100%
then
100%
to
100%
tried
100%
trying
100%
would
100%
you
100%
your
100%
you're
100%
basically
90%
by
90%
everything's
90%
heart
90%
i'm
90%
looking
90%
now
90%
out
90%
saw
90%
that
90%
the
90%
want
90%
always
80%
could
80%
don't
80%
door
80%
from
80%
hanging
80%
haunts
80%
heartbeat
80%
ignore
80%
never
80%
nothing
80%
see
80%
so
80%
waiting
80%
what
80%
anything
70%
bad
70%
been
70%
before
70%
bore
70%
fall
70%
have
70%
i've
70%
more
70%
one
70%
telling
70%
true
70%
was
70%
can't
60%
hurts
60%
just
60%
like
60%
moment
60%
my
60%
only
60%
say
60%
such
60%
truth
60%
where
60%
words
60%
wouldn't
60%
acting
50%
chance
50%
closer
50%
give
50%
hating
50%
hold
50%
it's
50%
step
50%
we're
50%
best
30%
stored
20%
No matching quizzes found
Score Distribution
Percent of People with Each Score
Percentile by Number Answered
Your Score History
You have not taken this quiz